000
00259nam a2200109Ia 4500
008
220120s9999||||xx |||||||||||||| ||und||
082
_a
004.165 CHO
100
_a
Choudhury, Ray, D
_9
11417
245
0
_a
Advanced microprocessors
260
_c
2006
300
_b
0
999
_c
136339
_d
136339